000 00276nam a2200109Ia 4500
008 190216s9999||||xx |||||||||||||| ||und||
100 _aNarayanan R K
245 4 _aThe Man Eater Of Malagudi
260 _b"Indian Thought Publications,Mysore"
650 _aEnglish
942 _cBK
999 _c12391
_d12391